000 00573nam a2200181Ia 4500
003 GCL
008 140319s9999 xx 000 0 eng d
040 _aGCL /
_cGCL
082 0 4 _a917.304927
_bN E
100 1 _aNATIONAL GEOGRAPHIC SOCIETY
245 1 0 _aEXPLORAING AMERIC'S SCENIC HIGH WAYS /
_cNATIONAL GEOGRAPHIC SOCIETY
260 _a[S.N] :
_bNATIONAL GEOGRAPHIC SOCIETY ،
_c1985
300 _a200 P
650 0 4 _aUNITED STATES - DESCRIPTION AND TRAVELS
650 0 4 _aROADS UNITED STATES GUIDE BOOK
650 0 4 _aAUTOMOBILES ROAD GUIDES UNITED
942 _2ddc
_cBK
999 _c17083
_d17083